[Event "Monarch Assurance Isle of Man 12th"]
[Site "Port Erin IOM"]
[Date "2003.10.05"]
[Round "9.36"]
[White "May, F WLS."]
[Black "Kovachev, Daniel"]
[Result "1/2-1/2"]
[WhiteElo "2153"]
[BlackElo "2066"]
[PlyCount "73"]
[EventDate "2003.09.27"]
[EventType "swiss"]
[EventRounds "9"]
[EventCountry "IOM"]
[SourceTitle "BritBase"]
[SourceDate "2008.07.14"]
[SourceVersion "1"]
[SourceVersionDate "2008.07.14"]
[SourceQuality "2"]

1. d4 Nc6 2. Nf3 d5 3. Bg5 Bg4 4. Nbd2 Qd7 5. e3 f6 6. Bf4 e5 7. dxe5 fxe5 8.
Bxe5 Nxe5 9. Nxe5 Bxd1 10. Nxd7 Bxc2 11. Nxf8 Bf5 12. Rc1 c6 13. Nxh7 Rxh7 14.
Be2 Nf6 15. Nf3 Kd7 16. h4 Ne4 17. Nd4 Bg6 18. Bg4+ Kd6 19. f3 Nf6 20. Bf5 Bxf5
21. Nxf5+ Ke5 22. g4 g6 23. Nd4 Rah8 24. Kf2 Rxh4 25. Rxh4 Rxh4 26. Kg3 Rh7 27.
b4 Nd7 28. Nb3 Nb6 29. Nc5 Nc8 {(=)} 30. f4+ Kf6 31. e4 dxe4 32. Nxe4+ Kg7 33.
b5 Ne7 34. bxc6 Nxc6 35. Ng5 Rh8 36. Rd1 Re8 37. Rh1 1/2-1/2

[Event "Monarch Assurance Isle of Man 12th"]
[Site "Port Erin IOM"]
[Date "2003.10.05"]
[Round "9.37"]
[White "Egeland, Marte"]
[Black "Coathup, Roger"]
[Result "1/2-1/2"]
[WhiteElo "1990"]
[BlackElo "2134"]
[PlyCount "138"]
[EventDate "2003.09.27"]
[EventType "swiss"]
[EventRounds "9"]
[EventCountry "IOM"]
[SourceTitle "BritBase"]
[SourceDate "2008.07.14"]
[SourceVersion "1"]
[SourceVersionDate "2008.07.14"]
[SourceQuality "2"]

1. e4 c5 2. Nf3 e6 3. d4 cxd4 4. Nxd4 a6 5. Bd3 Nf6 6. O-O Qc7 7. c4 Nc6 8.
Nxc6 dxc6 9. Nc3 e5 10. f4 Bc5+ 11. Kh1 Ng4 12. Qe2 Qd8 13. Nd1 Nxh2 14. g3
Nxf1 15. Qxf1 h5 16. f5 b5 17. cxb5 cxb5 18. Nc3 Bd4 19. Nd5 f6 20. Bd2 Bd7 21.
Bb4 Bc6 22. Ne7 Qd7 23. Rc1 Bb7 24. Ng6 Kf7 25. Nxh8+ Rxh8 26. Ba5 Rc8 27. Rxc8
Qxc8 28. b3 g6 29. fxg6+ Kxg6 30. Kh2 Qg4 31. Bd8 {(=)} Qg5 32. a4 bxa4 33.
bxa4 Qd2+ 34. Kh1 Qf2 35. Qxf2 Bxf2 36. Kg2 Be1 37. Kh3 Kg5 38. Kh2 h4 39.
gxh4+ Bxh4 40. Kh3 Bc8+ 41. Kg2 Kf4 42. Ba5 Ke3 43. Bc2 Bb7 44. Kh3 Bg5 45.
Bb6+ Kd2 46. Bb1 Bc6 47. a5 Bd7+ 48. Kg3 Ke2 49. Ba2 Bf4+ 50. Kh4 Kf3 51. Bc4
Bc8 52. Bd3 Be3 53. Kh5 Bb7 54. Kg6 Bxe4+ 55. Bxe4+ Kxe4 56. Kxf6 Bd4 57. Ke6
Kd3 58. Kd5 {(=)} Kc3 59. Bc7 Kb4 60. Bb6 Bc3 61. Bd8 Kb5 62. Bc7 Ba1 63. Bb6
Bb2 64. Bd8 Bd4 65. Bc7 Bc3 66. Ke4 Kc6 67. Bxe5 Bxe5 68. Kxe5 Kb5 69. Kd4 Kxa5
1/2-1/2

[Event "Monarch Assurance Isle of Man 12th"]
[Site "Port Erin IOM"]
[Date "2003.10.05"]
[Round "9.38"]
[White "Horton, E Justin"]
[Black "Spanton, Tim"]
[Result "1/2-1/2"]
[WhiteElo "2120"]
[BlackElo "2021"]
[PlyCount "83"]
[EventDate "2003.09.27"]
[EventType "swiss"]
[EventRounds "9"]
[EventCountry "IOM"]
[SourceTitle "BritBase"]
[SourceDate "2008.07.14"]
[SourceVersion "1"]
[SourceVersionDate "2008.07.14"]
[SourceQuality "2"]

1. d4 d5 2. Nf3 Nc6 3. e3 Bg4 4. c4 e5 5. cxd5 Qxd5 6. Nc3 Bb4 7. Be2 exd4 8.
O-O Bxc3 9. bxc3 d3 10. Qxd3 Bxf3 11. gxf3 {(=)} O-O-O 12. Qxd5 Rxd5 13. f4 Nf6
14. c4 Rd6 15. Ba3 Rd2 16. Bf3 Rhd8 17. Bc1 Rc2 18. Bd1 Rc3 19. Bb2 Rxc4 20.
Bb3 Rb4 21. Bc3 Rb5 22. Bxf7 Rc5 23. Bxf6 gxf6 24. Be6+ Kb8 25. Rfd1 Rc2 26.
Rxd8+ Nxd8 27. Bf5 Rd2 28. Bxh7 c5 29. Kf1 Kc7 30. Ke1 Rb2 31. h4 Nf7 32. a4
Nh6 33. Be4 b6 34. a5 b5 {(=)} 35. Rb1 Rxb1+ 36. Bxb1 Kd6 37. e4 c4 38. Kd2 Kc5
39. e5 f5 40. h5 b4 41. f3 Kd5 42. Kc1 1/2-1/2

[Event "Monarch Assurance Isle of Man 12th"]
[Site "Port Erin IOM"]
[Date "2003.10.05"]
[Round "9.39"]
[White "Stubberud, Ornulf"]
[Black "Adams, Phil"]
[Result "1-0"]
[WhiteElo "1965"]
[BlackElo "2115"]
[PlyCount "85"]
[EventDate "2003.09.27"]
[EventType "swiss"]
[EventRounds "9"]
[EventCountry "IOM"]
[SourceTitle "BritBase"]
[SourceDate "2008.07.14"]
[SourceVersion "1"]
[SourceVersionDate "2008.07.14"]
[SourceQuality "2"]

1. e4 c5 2. Nf3 Nc6 3. d4 cxd4 4. Nxd4 e5 5. Nb5 d6 6. N1c3 a6 7. Na3 b5 8. Nd5
Nge7 9. Bg5 f6 10. Be3 Nxd5 11. exd5 Ne7 12. Qd2 Nf5 13. c3 Nxe3 14. Qxe3 Be7
15. Nc2 O-O 16. Be2 f5 17. O-O Bg5 18. Qd3 a5 19. a4 bxa4 20. Rxa4 Bd7 21. Ra2
Qb6 22. Rfa1 a4 23. Nb4 e4 24. Qd1 e3 25. fxe3 Qxe3+ 26. Kh1 Rae8 27. Bf3 Rf6
28. Nc6 Bf4 29. Qd4 Rh6 30. Qxe3 Rxh2+ 31. Kg1 Rxe3 32. Rxa4 Bg3 33. Ra8+ Kf7
34. R8a7 Ke8 35. Ra8+ Kf7 36. Rd8 Be8 37. Nd4 Kf6 38. Ne2 f4 39. Rxd6+ Ke7 40.
Rb6 Rxf3 41. Nxg3 fxg3 42. gxf3 Bd7 43. Ra7 1-0

[Event "Monarch Assurance Isle of Man 12th"]
[Site "Port Erin IOM"]
[Date "2003.10.05"]
[Round "9.40"]
[White "Goodger, Martyn"]
[Black "Murtagh, Dermot"]
[Result "1-0"]
[WhiteElo "2114"]
[BlackElo "1798"]
[PlyCount "39"]
[EventDate "2003.09.27"]
[EventType "swiss"]
[EventRounds "9"]
[EventCountry "IOM"]
[SourceTitle "BritBase"]
[SourceDate "2008.07.14"]
[SourceVersion "1"]
[SourceVersionDate "2008.07.14"]
[SourceQuality "2"]

1. e4 c5 2. c3 d5 3. exd5 Qxd5 4. d4 Nf6 5. Nf3 Bg4 6. dxc5 Qxc5 7. Na3 Bd7 8.
Be3 Qc7 9. Nb5 Bxb5 10. Bxb5+ Nbd7 11. Qa4 e6 12. O-O-O Bd6 13. Rd2 Ke7 14.
Bxd7 Nxd7 15. Rhd1 Nb6 16. Qh4+ f6 17. Rxd6 Nd5 18. Rxe6+ Kxe6 19. Qe4+ Kd7 20.
Rxd5+ 1-0

[Event "Monarch Assurance Isle of Man 12th"]
[Site "Port Erin IOM"]
[Date "2003.10.05"]
[Round "9.41"]
[White "Van Kemenade, Rudy"]
[Black "Tagnon, Nicole"]
[Result "1-0"]
[WhiteElo "2140"]
[BlackElo "2071"]
[PlyCount "69"]
[EventDate "2003.09.27"]
[EventType "swiss"]
[EventRounds "9"]
[EventCountry "IOM"]
[SourceTitle "BritBase"]
[SourceDate "2008.07.14"]
[SourceVersion "1"]
[SourceVersionDate "2008.07.14"]
[SourceQuality "2"]

1. d4 Nf6 2. Nc3 d5 3. Bg5 Nbd7 4. Nf3 h6 5. Bf4 a6 6. e4 dxe4 7. Nd2 e6 8.
Ncxe4 Nd5 9. Bg3 Be7 10. c4 N5f6 11. Qf3 Nxe4 12. Qxe4 Nf6 13. Qe3 O-O 14. Be2
Re8 15. O-O Bd6 16. Be5 Bd7 17. Bf3 Bc6 18. Bxc6 bxc6 19. Rad1 Qe7 20. Qf3 Bxe5
21. dxe5 Nd7 22. Rfe1 Nc5 23. b4 Na4 24. c5 Rab8 25. a3 Red8 26. Nc4 Rxd1 27.
Rxd1 Qg5 28. Qxc6 Nc3 29. Re1 Nd5 30. h3 Qf4 31. Qxa6 Qd4 32. Na5 Qd2 33. Qe2
Qc3 34. Nc4 Ra8 35. Rd1 {time} 1-0

[Event "Monarch Assurance Isle of Man 12th"]
[Site "Port Erin IOM"]
[Date "2003.10.05"]
[Round "9.42"]
[White "Gruettner, Ralf"]
[Black "Lutton, E Josiah"]
[Result "0-1"]
[WhiteElo "2073"]
[BlackElo "2031"]
[PlyCount "100"]
[EventDate "2003.09.27"]
[EventType "swiss"]
[EventRounds "9"]
[EventCountry "IOM"]
[SourceTitle "BritBase"]
[SourceDate "2008.07.14"]
[SourceVersion "1"]
[SourceVersionDate "2008.07.14"]
[SourceQuality "2"]

1. d4 Nf6 2. c4 e6 3. Nf3 b6 4. g3 Bb7 5. Bg2 c5 6. e3 d5 7. Ne5 Nbd7 8. f4
cxd4 9. exd4 Qc7 10. O-O Rc8 11. Nc3 dxc4 12. Nb5 Qb8 13. Nxd7 Nxd7 14. f5 e5
15. dxe5 Bc5+ 16. Kh1 Nxe5 17. Bf4 O-O 18. Qc2 Rfe8 19. h3 a6 20. Nc3 Bxg2+ 21.
Kxg2 Qb7+ 22. Qe4 Nc6 23. Qf3 Qe7 24. Rad1 Nd4 25. Qd5 Rcd8 26. Rfe1 Rxd5 27.
Rxe7 Rxe7 28. Nxd5 Re2+ 29. Kf1 Rh2 30. Nc3 h6 31. Be3 Nxf5 32. Bxc5 bxc5 33.
Rd8+ Kh7 34. Ne2 Ne3+ 35. Ke1 Rxh3 36. Kf2 Ng4+ 37. Kf3 Rh2 38. Nc3 f5 39. Nd1
g5 40. a4 a5 41. Rd5 Kg6 42. Rxc5 Rd2 43. Rxa5 Rxd1 44. Ra6+ Kh5 45. Ra5 Rf1+
46. Kg2 Rf2+ 47. Kg1 Rxb2 48. Rxf5 c3 49. Rc5 c2 50. a5 Rb1+ 0-1

[Event "Monarch Assurance Isle of Man 12th"]
[Site "Port Erin IOM"]
[Date "2003.10.05"]
[Round "9.43"]
[White "Young, Mel"]
[Black "Shepherd, Michael"]
[Result "1/2-1/2"]
[WhiteElo "2005"]
[BlackElo "2037"]
[PlyCount "82"]
[EventDate "2003.09.27"]
[EventType "swiss"]
[EventRounds "9"]
[EventCountry "IOM"]
[SourceTitle "BritBase"]
[SourceDate "2008.07.14"]
[SourceVersion "1"]
[SourceVersionDate "2008.07.14"]
[SourceQuality "2"]

1. e4 e6 2. d4 d5 3. exd5 exd5 4. Nf3 Bd6 5. c4 c6 6. Nc3 Ne7 7. Bd3 Bg4 8. h3
Bh5 9. O-O dxc4 10. Bxc4 O-O 11. Bg5 Nd7 12. Ne4 Nb6 13. Nxd6 Qxd6 14. Bd3 Ned5
15. Bh4 Bxf3 16. Qxf3 Qf4 17. Qxf4 Nxf4 18. Rfd1 Nxd3 19. Rxd3 f6 20. f3 Rfd8
21. Rad1 Rd5 22. b3 Rad8 23. Bf2 Kf7 24. Kf1 Nd7 25. Ke2 Nf8 26. g3 Ne6 27. h4
g6 28. R3d2 R8d7 29. Rd3 {(=)} f5 30. R3d2 Kf6 31. Be3 h5 32. Kf2 Rd8 33. Rd3
R8d7 34. R3d2 f4 35. gxf4 Kf5 36. Rg1 c5 37. Rdd1 cxd4 38. Bc1 a6 39. Rg2 b5
40. Rdg1 d3 41. Bd2 Rg7 1/2-1/2

[Event "Monarch Assurance Isle of Man 12th"]
[Site "Port Erin IOM"]
[Date "2003.10.05"]
[Round "9.44"]
[White "Loughran, John"]
[Black "Ormsby, Alan"]
[Result "0-1"]
[WhiteElo "1830"]
[BlackElo "1792"]
[PlyCount "76"]
[EventDate "2003.09.27"]
[EventType "swiss"]
[EventRounds "9"]
[EventCountry "IOM"]
[SourceTitle "BritBase"]
[SourceDate "2008.07.14"]
[SourceVersion "1"]
[SourceVersionDate "2008.07.14"]
[SourceQuality "2"]

1. d4 Nf6 2. c4 c6 3. Nc3 d5 4. Bg5 dxc4 5. e3 b5 6. a4 b4 7. Nb1 Qa5 8. Bxf6
exf6 9. Bxc4 Bd6 10. Nf3 O-O 11. Nbd2 Qc7 12. Qc2 a5 13. O-O Nd7 14. Rac1 Bb7
15. Ne4 Be7 16. Ba2 Rac8 17. Bb1 g6 18. Rfd1 Qb6 19. b3 c5 20. d5 Rfd8 21. Ng3
Bf8 22. e4 Bh6 23. Nd2 Ne5 24. Nc4 Nxc4 25. Qxc4 Ba6 26. Qc2 Bxc1 27. Qxc1 Kg7
28. Qf4 c4 29. bxc4 Bxc4 30. h4 Bb3 31. Re1 Bxa4 32. h5 Bc2 33. e5 Bxb1 34.
exf6+ Kg8 35. Rxb1 Qd6 36. Qh4 Qxd5 37. hxg6 fxg6 38. Qh6 Qf7 0-1

[Event "Monarch Assurance Isle of Man 12th"]
[Site "Port Erin IOM"]
[Date "2003.10.05"]
[Round "9.45"]
[White "De Lange, Hans JG"]
[Black "Brekke, Jorunn M"]
[Result "1/2-1/2"]
[WhiteElo "1741"]
[BlackElo "1527"]
[PlyCount "120"]
[EventDate "2003.09.27"]
[EventType "swiss"]
[EventRounds "9"]
[EventCountry "IOM"]
[SourceTitle "BritBase"]
[SourceDate "2008.07.14"]
[SourceVersion "1"]
[SourceVersionDate "2008.07.14"]
[SourceQuality "2"]

1. e4 c5 2. Nf3 Nc6 3. d4 cxd4 4. Nxd4 Nf6 5. Nc3 d6 6. Bg5 Bd7 7. f3 h6 8. Be3
e5 9. Ndb5 Be6 10. Qd2 a6 11. Na3 d5 12. exd5 Nxd5 13. Nxd5 Qxd5 14. Nc4 Qxd2+
15. Bxd2 Bc5 16. c3 b5 17. Ne3 O-O 18. b3 Rfd8 19. Be2 Rac8 20. b4 Bxe3 21.
Bxe3 Ne7 22. Bc5 Nd5 23. c4 Nf4 24. cxb5 Nxe2 25. Kxe2 Bc4+ 26. Ke1 Bxb5 27.
Rd1 Bc4 28. a3 Rxd1+ 29. Kxd1 Rd8+ 30. Kc2 Bb5 31. Re1 f6 32. Ra1 Ba4+ 33. Kc3
Kf7 34. g3 g5 35. f4 e4 36. fxg5 Rd3+ 37. Kb2 hxg5 38. Re1 Rd2+ 39. Kc3 Rd3+
40. Kb2 f5 41. Be3 Kg6 42. Re2 Kh5 43. h3 Kg6 44. Re1 Bd1 45. Bc1 Bf3 46. Kc2
Bg2 47. h4 gxh4 48. gxh4 Kh5 49. Re3 Rxe3 50. Bxe3 Kxh4 51. Kd2 Kg4 52. Ke2 f4
53. Bf2 Kf5 54. a4 Ke6 55. b5 a5 56. Bb6 Kd5 {(=)} 57. Bxa5 Kc4 58. Bc7 Kb4 59.
b6 e3 60. Bxf4 Kxa4 1/2-1/2